100 joueurs ukrainiens avec la plus grosse valeur marchande - Statistiques

Statistiques générales
  • Ce quiz a été pris 24 fois
  • Le résultat moyen est 8 sur 100
Statistiques - réponses
Club Prix Réponse % Correct
Chelsea 45 millions Mykhaylo Mudryk
100%
Arsenal 42 millions Oleksandr Zinchenko
87%
Everton 25 millions Vitaliy Mykolenko
65%
Girona FC 22 millions Viktor Tsygankov
61%
Dynamo Kiev 2 millions Andriy Yarmolenko
52%
Real Madrid 5 millions Andriy Lunin
48%
Valence 4 millions Roman Yaremchuk
48%
SL Benfica 22 millions Anatoliy Trubin
43%
Girona FC 15 millions Artem Dovbyk
39%
Bournemouth 20 millions Ilya Zabarnyi
30%
Shakhtar Donetsk 4 millions Taras Stepanenko
26%
Shakhtar Donetsk 15 millions Georgiy Sudakov
22%
Shakhtar Donetsk 20 millions Mykola Matvienko
17%
Dynamo Kiev 7 millions Mykola Shaparenko
17%
Genoa 10 millions Ruslan Malinovskyi
17%
Vfl Bochum 3 millions Ivan Ordets
13%
RC Strasbourg 2,5 millions Eduard Sobol
9%
Shakhtar Donetsk 5 millions Oleksandr Zubkov
9%
Shakhtar Donetsk 10 millions Artem Bondarenko
4%
Girondins De Bordeaux 1,5 millions Danylo Ignatenko
4%
Shakhtar Donetsk 4 millions Danylo Sikan
4%
Shakhtar Donetsk 3 millions Dmytro Kryskiv
4%
Shakhtar Donetsk 3 millions Dmytro Riznyk
4%
Sunderland 2 millions Nazariy Rusyn
4%
Dynamo Kiev 2,5 millions Oleksandr Karavaev
4%
Dynamo Kiev 3 millions Oleksandr Tymchyk
4%
KVC Westerlo 2,5 millions Sergiy Sydorchuk
4%
Shakhtar Donetsk 5 millions Valeriy Bondar
4%
Empoli 1,5 millions Viktor Kovalenko
4%
Dynamo Kiev 6 millions Vitaliy Buyalskyi
4%
Dynamo Kiev 2 millions Vladyslav Dubinchak
4%
Shakhtar Donetsk 2 millions Yaroslav Rakitskyi
4%
Brentford 1 million Yegor Yarmolyuk
4%
Shakhtar Donetsk 4 millions Yukhym Konoplya
4%
Kolos Kovalivka 700k Andriy Totovytskyi
0%
Zorya Lugansk 2 millions Arseniy Batagov
0%
Ordabasy Shymkent 1,2 millions Artem Besedin
0%
Vorskla Poltava 800k Artem Chelyadin
0%
Puskas Akademia 800k Artem Favorov
0%
Dinamo Zagreb 4 millions Bogdan Mykhaylichenko
0%
Shakhtar Donetsk 700k Bogdan Viunnyk
0%
NK Osijek 800k Denys Garmash
0%
Dnipro-1 700k Denys Miroshnichenko
0%
Dynamo Kiev 3 millions Denys Popov
0%
Krylya Sovetov Samara 800k Dmytro Ivanisenya
0%
Zorya Lugansk 1,2 millions Dmytro Matsapura
0%
Zorya Lugansk 700k Dmytro Myshnyov
0%
Shakhtar Donetsk 800k Dmytro Topalov
0%
Dnipro-1 1,5 millions Eduard Sarapiy
0%
Dynamo Kiev 7 millions Georgiy Bushchan
0%
Zorya Lugansk 800k Igor Kyryukhantsev
0%
Ludogorets 700k Igor Plastun
0%
Shakhtar Donetsk 1 million Ivan Petryak
0%
Dynamo Kiev 2 millions Kostyantyn Vivcharenko
0%
Oleksandriya 700k Kyrylo Kovalets
0%
Dynamo Kiev 1,2 millions Maksym Dyachuk
0%
LASK Linz 1,5 millions Maksym Taloverov
0%
Dnipro-1 800k Maksym Tretyakov
0%
Shakhtar Donetsk 1,2 millions Maryan Shved
0%
Swansea 1,5 millions Mykola Kukharevych
0%
Oleksandriya 700k Mykyta Shevchenko
0%
Dynamo Kiev 1 million Nazar Voloshyn
0%
Zorya Lugansk 1 million Oleg Danchenko
0%
Zorya Lugansk 1 million Oleksander Saputin
0%
Dynamo Kiev 1,5 millions Oleksandr Andriyevskyi
0%
FK Polissya Zhytomyr 800k Oleksandr Nazarenko
0%
NK Istra 1961 850k Oleksandr Petrusenko
0%
Dnipro-1 5 millions Oleksandr Pikhalyonok
0%
Dnipro-1 1,8 millions Oleksandr Svatok
0%
Dynamo Kiev 3 millions Oleksandr Syrota
0%
Dnipro-1 1,8 millions Oleksiy Gutsulyak
0%
Shakhtar Donetsk 2,5 millions Oleksiy Kashchuk
0%
Rukh Lviv 900k Oleksiy Sych
0%
FK Polissya Zhytomyr 700k Pylyp Budkivskyi
0%
Omonia Nicosie 700k Roman Bezus
0%
Dnipro-1 800k Ruslan Babenko
0%
Dynamo Kiev 3 millions Ruslan Neshcheret
0%
Vorskla Poltava 700k Ruslan Stepanyuk
0%
Kolos Kovalivka 800k Sergiy Bolbat
0%
Zaglebie Lubin 2 millions Sergiy Buletsa
0%
Inter Miami 2 millions Sergiy Kryvstov
0%
Slavia Prague 1 million Taras Kacharaba
0%
Dnipro-1 1 million Valentyn Rubchynskyi
0%
Dnipro-1 1,2 millions Vasyl Kravets
0%
Vorskla Poltava 1,5 millions Viktor Kornienko
0%
Vorskla Poltava 900k Vladen Yurchenko
0%
Dynamo Kiev 1,8 millions Vladyslav Kabaev
0%
Oleksandriya 800k Vladyslav Kalitvintsev
0%
Rakov Czestochowa 2 millions Vladyslav Kochergin
0%
Metalist Kharkiv 800k Vladyslav Rybak
0%
Dynamo Kiev 1 million Vladyslav Supryaga
0%
Dynamo Kiev 2 millions Vladyslav Vanat
0%
Dynamo Kiev 1,5 millions Volodymyr Brazhko
0%
Dynamo Kiev 2,5 millions Volodymyr Shepelev
0%
Zorya Lugansk 700k Vyacheslav Churko
0%
Shakhtar Donetsk 1,2 millions Yegor Nazaryna
0%
Columbus Crew 1 million Yevgen Cheberko
0%
CSKA 1948 800k Yevgeniy Serdyuk
0%
Dnipro-1 700k Yevgen Volynets
0%
Rukh Lviv 900k Yuriy Klymchuk
0%
Aucun quiz correspondant
Distribution des résultats
% des personnes avec chaque résultat
Percentile par nombre de réponses
Votre historique - résultats
Vous n’avez pas pris ce quiz